| 000 | 00949nam a22002775a 4500 | ||
|---|---|---|---|
| 005 | 20240818092959.0 | ||
| 008 | 150629t2016 maua frbd 001 0 eng d | ||
| 020 | _a9781284031409 | ||
| 040 |
_aEG-ScBUE _beng _dEG-ScBUE |
||
| 082 | 0 | 4 |
_222 _a572.838 _bDEH |
| 100 | 1 |
_aDehlinger, Carolyn. _938994 |
|
| 245 | 1 | 0 |
_aMolecular Biotechnology / _cCarolyn A. Dehlinger. |
| 260 |
_aBurlington : _bJones & Barlett Learning, _cc.2016. |
||
| 300 |
_axvii, 305 : _bill. (col.) ; _c28 cm. |
||
| 500 | _aIndex : p. 295-305. | ||
| 500 | _aGlossary : p. 289-294. | ||
| 504 | _aIncludes bibliographical references. | ||
| 650 | 7 |
_2BUEsh _aMolecular biology. _938995 |
|
| 650 | 7 |
_aMolecular biotechnology. _938996 _2BUEsh |
|
| 650 | 7 |
_aGenetic engineering. _938997 _2BUEsh |
|
| 653 |
_bENGGEN _cJune2015 _cJanuary2016 |
||
| 942 |
_2ddc _hRDA-MOD |
||
| 999 |
_c20063 _d20035 |
||
| 336 |
_2rdacontent _atext _btxt |
||
| 337 |
_aunmediated _2rdamedia _bn |
||
| 338 |
_avolume _bnc _2rdacarrier |
||